Technology links to literacy. Technology-based literature plans for primary students (Record no. 77873)

MARC details
000 -CABECERA
campo de control de longitud fija 00569nam a2200205 a 4500
005 - FECHA Y HORA DE LA ÚLTIMA TRANSACCIÓN
campo de control 20210219153456.0
008 - ELEMENTOS DE LONGITUD FIJA--INFORMACIÓN GENERAL
campo de control de longitud fija 991125n 000 0 u
035 ## - NÚMERO DE CONTROL DEL SISTEMA
Número de control de sistema UPN01000101868
100 ## - ASIENTO PRINCIPAL--NOMBRE PERSONAL
Nombre de persona Wepner, Shelley B
222 ## - TÍTULO CLAVE
Título clave READING TEACHER
245 ## - MENCIÓN DE TÍTULO
Título Technology links to literacy. Technology-based literature plans for primary students
300 ## - DESCRIPCIÓN FÍSICA
Extensión 464-467
362 ## - FECHAS DE PUBLICACIÓN Y/O DESIGNACIÓN SECUENCIAL
Fecha de publicación y/o designación secuencial 45, No. 6, 1992
505 ## - NOTA DE CONTENIDO CON FORMATO PREESTABLECIDO
Nota de contenido con formato Mayo 1992
653 0# - TERMINO DE INDIZACION - NO CONTROLADO
Término no controlado EAC
653 0# - TERMINO DE INDIZACION - NO CONTROLADO
Término no controlado LITERATURA INFANTIL
653 0# - TERMINO DE INDIZACION - NO CONTROLADO
Término no controlado PROGRAMAS DE LA COMPUTADORA
904 ## - ELEMENTOS DE DATOS D LOCAL, LDD (RLIN)
a AC
b 039679
905 ## - TIPO DE MATERIAL
Tipo de material Articulo

No items available.